Fr. Conceicao Rodrigues College of Engineering

Reference data for Engineers (Record no. 24872)

MARC details
000 -LEADER
fixed length control field 00272nam a2200133Ia 4500
082 ## - DEWEY DECIMAL CLASSIFICATION NUMBER
Classification number 621.384
Item number VAL
100 ## - MAIN ENTRY--PERSONAL NAME
Personal name Valkenburg/Van
250 ## - EDITION STATEMENT
Edition statement 8
245 ## - TITLE STATEMENT
Title Reference data for Engineers
260 ## - PUBLICATION, DISTRIBUTION, ETC.
Name of publisher, distributor, etc. Newnes
Date of publication, distribution, etc. 1998
546 ## - LANGUAGE NOTE
Language note ENGLISH
654 ## - SUBJECT ADDED ENTRY--FACETED TOPICAL TERMS
Focus term data
942 ## - ADDED ENTRY ELEMENTS (KOHA)
Koha item type Reference Book
Holdings
Withdrawn status Lost status Damaged status Not for loan Collection Home library Current library Date acquired Total Checkouts Full call number Barcode Date last seen Price effective from Koha item type
        CRC Fr. Agnel's C.Rodrigues College of Engineering Fr. Agnel's C.Rodrigues College of Engineering 17/03/2023   621.384 VAL 12689 17/03/2023 17/03/2023 Reference Book